000 00861nam a2200229 a 4500
001 000029243
003 OSt
005 20260321073641.0
008 110414s2010 dr 000 0 spa d
020 _a9789945873597
040 _aDO-SdBNP
_bspa
_cBNPHU
082 _aRD863.44
_bB742c,2010
100 1 _a Bosch, Juan,
_d1909-2001
_976555
245 1 0 _aJuan Bosch :
_bcuentos selectos para jóvenes.
260 _aSanto Domingo :
_bFundación Juan Bosch :
_bMinisterio de la Juventud,
_c2010.
300 _a73 p. ;
_c22 cm.
505 _aLos últimos monstruos --
_tLa mancha indeleble --
_tLuis Pie --
_tLa nochebuena de Encarnación Mendoza --
_tLos amos --
_tEn un Bohío --
_tReseña biográfica de Juan Bosch
590 _aInventariado, 2019/VM
650 4 _aCuentos dominicanos
_xColecciones
_9503
650 0 _aLiteratura dominicana.
_967
942 _2ddc
_cLBS1
999 _c28735
_d28735